BÜYÜMEK İSTEMİYORUM (Record no. 1001493)

MARC details
000 -LEADER
sabit uzunluktaki kontrol alanı 00258nam a2200097Ia 4500
001 - KONTROL NUMARASI
kontrol alanı 1001493
005 - EN SON İŞLEMİN TARİH VE ZAMANI
kontrol alanı 20250826230411.0
008 - SABİT-UZUNLUKTA VERİ ÖĞELERİ--GENEL BİLGİ
sabit uzunluktaki kontrol alanı 250824s9999 xx 000 0 und d
245 #0 - ESER / YAZAR
ESER ADI BÜYÜMEK İSTEMİYORUM
Yazar Adı MİNE G.KIRIKKANAT
260 ## - YAYIN, DAĞITIM, VB.
YAYIN EVİ KIRMIZI KEDİ ÇOCUK
Holdings
Düşüm durumu Kayıp durumu Hasar Durumu Ödünç verilmez Ana kütüphane Geçerli Kütüphane Edinilen tarih Toplam ödünç verme sayısı Barkod Son görüntüleme tarihi Son ödünç verme tarihi Fiyatın geçerli olmaya başladığı tarih Koha materyal türü
        ZELİHA LÜTFİ KULLUK İLKOKULU ZELİHA LÜTFİ KULLUK İLKOKULU 24.08.2025 1 10164886 02.01.2026 26.12.2025 26.08.2025 Books